000 00637nam a2200241Ia 4500
003 OSt
005 20220918201143.0
006 a|||||r|||| 00| 0
007 ta
008 220917b |||||||| |||| 00| 0 eng d
024 _a92,019
037 _cTextual
040 _aARTS
_cARTS
_beng
041 _2eng
_aeng
082 _aU8:2xF97, J9-;2
100 _aRoerich G
_997112
245 0 _aBiography of Dharmasvamin , a Tibetan monk pilgrim
260 _aPatna
_bK P Jayaswal
_c1959
300 _a119p.
_ccm.
650 _aGEOGRAPHY
942 _hU8:2xF97, J9-;2
_cTEXL
_2CC
999 _c215673
_d215673